Fill in the Missing Lyrics to "eBay" By Weird Al Yenkovic - Statistics

General Stats
  • This quiz has been taken 34 times
  • The average score is 24 of 42
Answer Stats
Lyrics to "eBay" % Correct
FOUND HIM ON {EBAY}
100%
Found it on {eBay}
100%
I bought it on {eBay}
100%
I bought on {eBay}
100%
They had it on {eBay}
100%
They love me on {eBay}
100%
What I bought on {eBay}
100%
{A++}! They all say
81%
My {house} is filled with
74%
{Bubble} {wrap}
70%
This {crap}, shows up in
70%
A rare, {mint} {snowglobe}
67%
A used, {pink} {bathrobe}
67%
I'M HIGHEST {BIDDER}
67%
Just check my {feedback}
67%
Tell me why I need another {pet} {rock}
67%
With {two} {seconds} left to go, whoa
67%
Got {PayPal} or {Visa}, whatever'll please ya
63%
As long as I've got {the} {dough}
59%
A {smurf} {TV} {tray}
59%
Sell me your {watch} please
59%
Gonna buy a slightly damaged {golf} {bag}
56%
GONNA BUY some {beanie} {babies} new with {tag}
56%
I am the type who is {liable} {to} {snipe} you
56%
I'll buy your {knick-knack}
52%
{Junk} keeps arriving in the {mail} (now, yeah)
52%
{Most} everyday
52%
Tell me why I bid on {Shatner's} {old} {toupee}
52%
Tell me why I got that {elf} {alarm} {clock}
52%
I'll buy (I'll {buy}, I'll buy, I'll {buy})
48%
WANNA BUY a case of vintage {tube} {socks}
44%
From that {worldwide} {garage} {sale}
37%
Wanna buy a {kleenex} used by {Dr. Dre}
30%
Don't know why the kind of stuff you'd {throw} {away}
26%
I'll buy your {tchotchkes}
26%
{Pez} {dispensers} and a {toaster}
26%
Wanna buy a {Pac-man} {fever} lunchbox
26%
Wanna buy that {Farrah} {Fawcett} poster
26%
I'll buy on {eBay}, what I'll buy on {eBay}
22%
YEAAAAAAAAAAAH
19%
({Dukes} of {Hazard}) Hey, a {Dukes} of {Hazard} ash tray (oh yeah)
15%
From some guy I've never met in {Norway)
15%
No matching quizzes found
Score Distribution
Percent of People with Each Score
Percentile by Number Answered
Your Score History
You have not taken this quiz